02291 2200205 4500001001900000005001500019035001800034007000300052008003900055082000700094084001300101100001900114245020100133250001000334260004600344520165300390600001202043990001502055990001502070INLIS000000000999020260511094616 a0010-03260230ta260511 | | |  a11 a11 YED s0 aYEDI YUAN TONY1 aSarana dan Prasarana dalam Menunjang Kinerja Aparatur Pos Pemadam Kebakaran Kereng Humbang di Keluruhan Kasongan Lama Kecamatan Katingan Hilir Kabupaten Katingan / YEDI YUAN TONY /cYEDI YUAN TONY aCet 1 aPalangka Raya :bPerpustakaan UMPR,c2026 aYedi Yuan Tony, 2026. Program Studi Administrasi Publik, Universitas Muhammadiyah Palangkaraya. Sarana dan Prasarana Dalam Menunjang Kinerja Aparatur Pos Pemadam Kebakaran Kereng Humbang di Keluruhan Kasongan Lama Kecamatan Katingan Hilir Kabupaten Katingan. Dibimbing oleh Muhammad Anzarach Pratama, S.AN., MPA sebagai Dosen Pembimbing I dan Rakhdinda Dwi Artha Qairi, M.A.P sebagai Dosen Pembimbing II. Penelitian ini bertujuan untuk menganalisis kondisi sarana dan prasarana pemadam kebakaran serta perannya dalam menunjang kinerja aparatur pada Pos Pemadam Kebakaran Kereng Humbang Kabupaten Katingan. Penelitian menggunakan pendekatan kualitatif dengan metode deskriptif. Pengumpulan data dilakukan melalui observasi, wawancara dengan anggota pemadam kebakaran, dan dokumentasi terkait sarana operasional serta kegiatan pelayanan. Hasil penelitian menunjukkan bahwa sarana dan prasarana yang tersedia pada Pos Pemadam Kebakaran Kereng Humbang pada dasarnya sudah dapat mendukung pelaksanaan tugas pemadaman kebakaran. Namun masih terdapat keterbatasan pada jumlah serta kondisi beberapa peralatan operasional yang memerlukan penambahan dan perawatan. Meskipun demikian, aparatur pemadam kebakaran tetap berupaya menjalankan tugas secara maksimal melalui kerja sama tim, pengalaman lapangan, serta pemanfaatan peralatan yang tersedia. Penelitian ini menyimpulkan bahwa ketersediaan sarana dan prasarana memiliki peran penting dalam menunjang kinerja aparatur pemadam kebakaran. Oleh karena itu, peningkatan kualitas dan kuantitas sarana operasional diperlukan untuk meningkatkan efektivitas pelayanan penanggulangan kebakaran kepada masyarakat. 4aSKRIPSI a2411233187 a2411233187